000 00564nam a2200181Ia 4500
001 7638
005 20260306160510.0
008 260306t2008||||xx |||||||||||||| ||spa||
041 _aESP
082 _a352.75
_bI59A
110 _aInstituto Nacional de Estadística e Informática (Perú). Dirección de Censos y Encuestas
_eAUT
245 0 _aCensos nacionales 2007:
_bXI de población y VI de viviencia. Resultados definitivos . Departamento de Arequipa
260 _c2008
300 _a
_c29 cm.
650 _aGEN
654 _aCAN
942 _cLIB
_dJUS
_fJUS
_2ddc
_n
999 _c7638
_d7638